000 00425nam a2200205Ia 4500
001 13566
003 GE_BSU
008 181216s||||||||xx |||||||||||||| ||und||
020 _a075532305X
040 _cGE_BSU
080 _a821.111-3
100 _aPatterson,James.
245 _aMary,Mary.
260 _aLondon.
260 _bHeadline.
260 _c2005
300 _a471p;18cm.
653 _aMary,Mary.
942 _cBK
999 _c46722
_d46722